'E' TV Shows Quiz Stats

 Plays Quiz not verified by Sporcle

Challenge
Share
Tweet
Embed
Score 0/20 Timer 07:00
0 Plays Today
% Correct
Everybody loves Raymond
95.3%
ER
94.5%
Everybody Hates Chris
94.5%
Eight Simple Rules
86.6%
Entourage
72.4%
Evening Shade
54.3%
Extras
54.3%
Eight is Enough
53.5%
Even Stevens
52.8%
Episodes
52%
% Correct
Eastbound & Down
36.2%
Emergency
35.4%
Everwood
32.3%
Event
27.6%
Emperors New School
21.3%
Ed, Edd n ' Eddie
18.9%
Eighteen to life
18.1%
Easy Money
17.3%
Eureka
15.7%
Edge
11%

You're not logged in!

Compare scores with friends on all Sporcle quizzes.
OR
Log In

You Might Also Like...

Show Comments

Extras

Created Apr 18, 2012ReportNominate
Tags:Clickable Quiz, Show Quiz

Top Quizzes Today


Score Distribution

Your Account Isn't Verified!

In order to create a playlist on Sporcle, you need to verify the email address you used during registration. Go to your Sporcle Settings to finish the process.

Report this User

Report this user for behavior that violates our Community Guidelines.

Details: